000
00273nam a2200109Ia 4500
008
220204s9999 xx 000 0 und d
082
_a
301
_b
FIE
100
_a
Fielding, G J
245
0
_a
Geography as social science
260
_a
New York
_b
Harper and Row
_c
1974
942
_c
BK
999
_c
30498
_d
30498